000 00319nam a2200145Ia 4500
100 _aGothmann/William H
250 _a3
942 _cBK
654 _adigital
245 _aDigital electronics 2nd ed
260 _bPrentice Hall
_aNew Delhi
_c1995
082 _a621.3815
_bGOT
300 _a383
546 _aENGLISH
999 _c27585
_d27585